[Event "BL 2017-18"]
[Site "Germany"]
[Date "2018.04.30"]
[Round "14.6"]
[White "Ribli, Zoltan"]
[Black "Schramm, Christian"]
[Result "1/2-1/2"]
[WhiteElo "2536"]
[BlackElo "2376"]
[Annotator "TA"]
[PlyCount "63"]
[EventDate "2018.05.24"]
[EventType "team-tourn"]
[EventCountry "GER"]
[SourceTitle "playchess.com"]
[Source "ChessBase"]
[SourceQuality "1"]
[WhiteTeam "Bayern Muenchen"]
[BlackTeam "Zugzwang Muenchen"]

{[%evp 21,63,49,70,73,62,70,60,0,117,106,113,110,129,108,115,119,114,119,102,107,111,62,89,32,147,120,141,136,248,235,260,251,213,222,194,200,389,0,0,0,0,0,0,0]} 1. Nf3 Nf6 2. c4 e6 3. g3 d5 4. d4 dxc4 5. Bg2 Bd7 6. Ne5 Bc6 7. Nxc6 Nxc6 8. O-O Qd7 {E04: Open Catalan: 5 Nf3} 9. e3 h5 10. Nd2 h4 11. Nxc4 hxg3 {LiveBook: 3 Games} 12. hxg3 Nd5 13. Bd2 f5 14. b4 {[#]} (14. Qb1 $14) 14... Bd6 $146 (14... Bxb4 $11 {keeps the balance.} 15. Bxb4 Ndxb4) ({Predecessor:} 14... g5 15. b5 Qh7 16. Re1 {1-0 (36) Ghosh,D (2523)-Jakubowski,K (2565) Pardubice 2015}) 15. b5 $16 Nce7 16. a4 g5 17. e4 fxe4 {With the idea ...Nf5.} 18. Qg4 (18. Bxg5 $6 Nf5 $15) 18... O-O-O 19. Qxe4 {And now Rfe1 would win.} (19. Bxe4 $6 Nf6 $11) 19... Nf5 {Threatens to win with ...Qh7.} 20. Rfe1 Rde8 21. Ne3 Nfxe3 22. Bxe3 (22. Rxe3 $16 Qf7 23. a5) 22... Rhg8 (22... Qg7 $1 $14) 23. Bd2 g4 24. Re2 Qf7 (24... Kb8 $16 25. Rae1 Qf7) 25. a5 $18 {[%cal Ba4a5,Ba5a6][%mdl 32]} Qh5 26. a6 b6 27. Qc2 $1 (27. Kf1 Rgf8 $11) 27... Rh8 28. Qc6 $1 Re7 $2 (28... Ne7 {was called for.} 29. Qb7+ Kd7) 29. Rae1 $2 ({White should try} 29. Kf1 $18) 29... Reh7 $1 $11 {The position is equal.} 30. Qb7+ (30. Rxe6 $2 Qh1+ $1 {[%mdl 512]} 31. Bxh1 Rxh1+ 32. Kg2 R8h2#) 30... Kd7 31. Qc6+ (31. Qxa7 $2 {leads to mate.} Qh1+ $1 {[%mdl 512]} 32. Bxh1 Rxh1+ 33. Kg2 R8h2#) 31... Kc8 $1 {( -> ...Qh1+!)} 32. Qb7+ {Precision: White = 55%, Black = 43%.} (32. Rxe6 $2 {[#] gets mated.} Qh1+ $1 {[%mdl 512]} 33. Bxh1 Rxh1+ 34. Kg2 R8h2#) 1/2-1/2

[Event "BL 2017-18"]
[Site "Germany"]
[Date "2018.04.30"]
[Round "14.6"]
[White "Perske, Thore"]
[Black "Howell, David W L"]
[Result "1-0"]
[WhiteElo "2447"]
[BlackElo "2699"]
[Annotator "TA"]
[PlyCount "125"]
[EventDate "2018.05.24"]
[EventType "team-tourn"]
[EventCountry "GER"]
[SourceTitle "playchess.com"]
[Source "ChessBase"]
[SourceQuality "1"]
[WhiteTeam "SV Hofheim"]
[BlackTeam "Hockenheim"]

{[%evp 23,125,0,0,-5,-2,-7,-6,-31,-15,-25,-14,-13,22,-33,-16,-8,-7,-12,50,37,43,38,0,0,36,33,38,34,37,50,68,62,66,0,80,82,63,25,127,125,100,104,104,111,161,145,229,112,218,209,193,185,215,180,376,171,179,186,182,179,242,233,237,237,304,269,274,267,264,245,314,329,295,316,431,374,687,695,704,710,760,770,2310,1921,2236,2155,29980,29981,29987,29968,29969,29970,5297,5269,29944,29937,6187,6183,6079,6079,6079,6079,6070,5493]} 1. e4 e5 2. Nf3 Nc6 3. Bb5 {[%cal Bf1b5,Bb5a4,Ba4b3][%mdl 32]} a6 4. Ba4 Nf6 5. O-O Be7 6. d3 b5 7. Bb3 d6 8. a3 {C84: Closed Ruy Lopez: Unusual White 6th moves} (8. c3 O-O 9. h3 Bb7 10. Nbd2 Re8 11. Ng5 Rf8 12. Re1 d5 13. exd5 Nxd5 14. Ndf3 Qd7 15. d4 exd4 16. cxd4 h6 {1-0 (44) Grischuk,A (2767)-So,W (2799) Berlin 2018}) 8... Na5 9. Ba2 c5 10. Nc3 Be6 11. Bxe6 fxe6 12. Ne2 O-O {LiveBook: 3 Games} 13. Ng3 {[#]} Nd7 $146 ({Predecessor:} 13... Nc6 14. c3 Qe8 15. a4 b4 {½-½ (111) Kovalenko,I (2657)-Kollars,D (2503) Zalakaros 2017}) 14. a4 b4 15. h3 Kh8 16. Qe2 Rb8 17. Be3 d5 {[%cal Bd6d5,Bd5d4][%mdl 32]} 18. Nh2 (18. exd5 $11 exd5 19. c4) 18... d4 19. Bd2 {[#]} c4 $1 {[%mdl 512]} 20. dxc4 Nc6 (20... Nb6 $11) 21. b3 $1 $14 Nc5 22. Rab1 $1 d3 23. cxd3 Nd4 24. Qd1 Nxd3 25. Be3 Nc5 $1 26. Ng4 Ndxb3 27. Nxe5 {And now Nc6 would win.} Qc7 28. f4 ({Better is} 28. Qh5 $14) 28... Na5 (28... Rbd8 $1 $11 {remains equal.} 29. Qh5 Kg8) 29. Qh5 $16 Kg8 30. Kh1 Bd6 (30... Nc6 $11 {keeps the balance.}) 31. Bxc5 $1 Bxc5 32. Nd7 Qxd7 33. Qxc5 Nc6 34. Rfd1 $36 {[%mdl 2048] White is really pushing.} Qe8 (34... Qb7 $16 35. f5 exf5) 35. f5 (35. Rd6 $18 {is the precise move to win.} Rc8 36. f5) 35... Rc8 (35... a5 $16 36. fxe6 Qxe6) 36. fxe6 Qxe6 37. Rd6 Qe8 38. Qd5+ Rf7 $2 (38... Kh8 39. Re6 Qd8 40. Rxc6 Rxc6) 39. Re6 (39. Nf5 $142) 39... Ne7 $18 40. Qe5 Qd7 41. Rxa6 Qd3 (41... h6 $142 42. a5 Kh7) 42. Rxb4 {aiming for Rb8.} Ng6 {[#]} 43. Qd6 $1 {[%cal Rd6d3]} ({Not} 43. Qe6 Rcf8 $14) 43... Qc3 {intending ...Nf4.} 44. Nf5 Qe1+ 45. Kh2 Qxe4 46. Ng3 Qc2 47. Rb8 Rxb8 48. Qxb8+ Nf8 49. Ra7 {Black must now prevent Rxf7.} Rf2 $2 (49... Qxc4 50. Rxf7 Kxf7 51. Qa7+ Kg8) 50. Qb7 {[%csl Ga7][%cal Rb7g7]} Qg6 51. a5 h6 52. a6 Ne6 53. Ra8+ Kh7 54. a7 Nf4 55. Rf8 Ne2 56. Rh8+ Kxh8 57. a8=Q+ Kh7 58. Qe4 Nf4 59. Qxg6+ Kxg6 60. Qe4+ {White is clearly winning.} Kf7 61. Kg1 Rxg2+ 62. Kf1 g5 {[#]} 63. Nh5 $1 {Precision: White = 67%, Black = 27%.} 1-0

[Event "BL 2017-18"]
[Site "Germany"]
[Date "2018.04.30"]
[Round "14.6"]
[White "Kahlert, Thomas"]
[Black "Engel, Luis"]
[Result "1/2-1/2"]
[WhiteElo "2191"]
[BlackElo "2406"]
[Annotator "TA"]
[PlyCount "52"]
[EventDate "2018.05.24"]
[EventType "team-tourn"]
[EventCountry "GER"]
[SourceTitle "playchess.com"]
[Source "ChessBase"]
[SourceQuality "1"]
[WhiteTeam "Norderstedt"]
[BlackTeam "Hamburg SK"]

{[%evp 24,52,0,0,0,0,0,0,0,0,0,-12,6,-60,-10,-10,-10,-10,-9,-9,-8,-13,-6,-10,-8,-12,-6,-8,-4,-10,-8]} 1. Nf3 c5 2. e3 Nf6 3. d4 cxd4 4. exd4 d5 5. c4 Nc6 6. Nc3 g6 7. cxd5 Nxd5 8. Qb3 e6 9. Bc4 {A35: Symmetrical English: 2 Nc3 Nc6 3 Nf3} (9. Bb5 Bg7 10. O-O O-O 11. Bxc6 bxc6 12. Re1 Qd6 13. Ne4 Qb4 14. Qc2 a5 15. a3 Qb6 16. Nc5 Re8 17. Ne5 f6 {1-0 (33) Giri,A (2752)-Mamedyarov,S (2804) Wijk aan Zee 2018}) 9... Na5 10. Bb5+ Bd7 11. Qa4 a6 12. Bxd7+ Qxd7 13. Qxd7+ {LiveBook: 6 Games} ({Of course not} 13. Qxa5 Bb4 $17) 13... Kxd7 14. Ne5+ Ke7 15. Bd2 {[#] Strongly threatening Nxd5+.} Nc6 $1 16. O-O-O $146 ({Predecessor:} 16. Nxd5+ exd5 17. Nxc6+ bxc6 {½-½ (31) Harika,D (2492)-Muzychuk,M (2526) Chengdu 2015}) 16... Rc8 17. Kb1 Bg7 18. Rhe1 ({White should try} 18. Nxd5+ $11 exd5 19. Rhe1 Bxe5 20. dxe5) 18... Nxc3+ (18... Rhd8 {with more complications.} 19. Bg5+ f6 20. Nxc6+ Rxc6 21. Nxd5+ Rxd5 22. Bf4 Kf7) 19. Bxc3 {The position is equal.} Bxe5 20. dxe5 Rhd8 21. Rxd8 Rxd8 $11 {KRB-KRN} 22. Kc2 Rd5 23. Re4 b5 24. a4 h5 25. f3 Kf8 26. h4 Kg7 {Precision: White = 62%, Black = 54%.} 1/2-1/2

[Event "BL 2017-18"]
[Site "Germany"]
[Date "2018.04.30"]
[Round "14.7"]
[White "Aronian, Levon"]
[Black "Oleksiyenko, Mykhaylo"]
[Result "1-0"]
[WhiteElo "2767"]
[BlackElo "2621"]
[Annotator "TA"]
[PlyCount "79"]
[EventDate "2018.05.24"]
[EventType "team-tourn"]
[EventCountry "GER"]
[SourceTitle "playchess.com"]
[Source "ChessBase"]
[SourceQuality "1"]
[WhiteTeam "Baden-Baden"]
[BlackTeam "Speyer"]

{[%evp 15,79,25,26,22,40,33,37,35,33,26,40,34,38,21,24,3,28,0,24,0,0,0,0,0,0,-3,72,66,80,60,60,60,81,87,71,80,83,58,77,55,70,60,99,81,88,91,79,36,37,36,114,112,123,81,214,183,350,354,371,339,372,368,581,558,534,516]} 1. d4 d5 2. c4 e6 3. Nf3 Nf6 4. Nc3 a6 5. cxd5 exd5 6. Bg5 {D37: Queen's Gambit Declined: 5 Bf4} Be6 7. e3 Nbd7 8. Bd3 Bd6 {LiveBook: 82 Games} 9. Bf4 Qe7 10. O-O O-O 11. h3 c6 (11... Rfe8 12. Qc2 {½-½ (12) Aronian,L (2805)-Carlsen,M (2837) Riadh 2017}) 12. Qc2 $146 ({Predecessor:} 12. Re1 Rfd8 13. Rc1 Rac8 14. Ne5 Ne8 15. Nxd7 Bxd7 16. Na4 Qf6 17. Nb6 Rb8 18. Nxd7 {½-½ (18) Shimanov,A (2623)-Rakhmanov,A (2670) Astana 2017}) 12... Rfe8 13. Rae1 g6 14. Bg5 {Threatening e4.} Qf8 15. a3 Rac8 16. b4 b5 17. Nd2 Nh5 18. Nb3 h6 19. Bh4 g5 20. Qd1 Ng7 (20... Ndf6 $11 21. Bg3 Bxg3 22. fxg3 g4) 21. Bg3 $16 f5 22. Bxd6 Qxd6 23. Nc5 Nxc5 24. dxc5 Qe5 25. Ne2 Bd7 26. Nd4 Re7 27. a4 Rce8 28. Bc2 h5 29. axb5 axb5 30. Qd3 g4 31. hxg4 hxg4 32. g3 $36 {[%mdl 2048] White has some pressure.} Ra8 ({Black should try} 32... Ne6 $14) 33. Ra1 Ree8 34. Qc3 Qe7 (34... Ne6 $16) 35. Kg2 Kf7 $2 {[#]} (35... Qf6 {is a better defense.} 36. Nxb5 Qxc3 37. Nxc3 Kf7) 36. Rh1 $18 {[%cal Bf1h1,Bh1h7,Bh7h6][%mdl 32]} Qf6 37. Rh7 Rxa1 38. Qxa1 Kg8 (38... Qg6 $142) 39. Qh1 Qg5 40. Rh6 {Precision: White = 47%, Black = 32%.} 1-0

[Event "BL 2017-18"]
[Site "Germany"]
[Date "2018.04.30"]
[Round "14.7"]
[White "Wagner, Dennis"]
[Black "Lobzhanidze, Davit"]
[Result "1-0"]
[WhiteElo "2550"]
[BlackElo "2424"]
[Annotator "TA"]
[PlyCount "117"]
[EventDate "2018.05.24"]
[EventType "team-tourn"]
[EventCountry "GER"]
[SourceTitle "playchess.com"]
[Source "ChessBase"]
[SourceQuality "1"]
[WhiteTeam "Hockenheim"]
[BlackTeam "SV Hofheim"]

{[%evp 22,117,39,36,41,-7,41,27,28,37,44,40,57,20,36,18,37,39,51,46,72,48,72,49,52,42,53,45,140,144,142,149,150,147,153,112,129,141,179,159,145,120,135,128,129,105,268,68,82,70,78,87,183,183,151,160,223,170,160,148,133,119,120,121,118,114,135,131,141,155,123,146,188,186,315,314,309,332,412,421,669,669,669,650,580,322,329,319,293,301,783,769,717,714,1274,1274,1222,1164]} 1. e4 e5 2. Nf3 Nc6 3. Bb5 a6 4. Ba4 Nf6 5. O-O Be7 6. Re1 b5 7. Bb3 d6 8. c3 O-O 9. h3 Nb8 10. d4 Nbd7 11. c4 c6 12. Nc3 {[%cal Bb1c3,Bc3e2,Be2g3,Bg3f5][%mdl 32]} b4 {C95: Closed Ruy Lopez: Breyer Variation with 10 d4} 13. Ne2 c5 (13... Nxe4 14. Qc2 f5 15. c5+ d5 16. Be3 Kh8 17. Nxe5 Nxe5 18. dxe5 Bh4 19. g3 Bg5 20. Bxg5 Qxg5 {1-0 (46) Grandelius,N (2652)-Amin,B (2700) Sharjah 2018}) 14. dxe5 dxe5 {White has an edge.} 15. Ng3 Qc7 $146 ({Predecessor:} 15... Bb7 16. Qc2 Re8 17. a3 a5 18. Ba4 Qc7 19. Nf5 Bf8 20. Bg5 {1-0 (51) Hansen,T (2410)-Elseth,R (2325) Drammen 2018}) 16. Nf5 Nb6 17. Nxe7+ Qxe7 18. a3 {Threatens to win with axb4.} bxa3 19. Rxa3 Rd8 20. Qc2 Nfd7 21. Ra5 Bb7 22. Bg5 f6 23. Be3 Rdc8 24. Ba2 Nf8 {[#]} ({Black should play} 24... Kh8 $14) 25. Qb3 $1 $36 {[%cal Rb3b6][%mdl 2048] Keeping Black busy.} Nfd7 26. Nd2 Rab8 27. Qa3 Kh8 28. Rb1 Rc7 29. f3 Bc8 30. Kh2 Bb7 31. b4 cxb4 32. Rxb4 Nc8 {[%cal Bb6c8,Bc8e7,Be7c6][%mdl 32]} 33. Qb3 Qd8 $2 (33... Qf8 $16 {was worth a try.}) 34. Ra3 $2 ({White has to play} 34. c5 $18) 34... Ne7 35. Qc3 Nc6 36. Rb1 Bc8 (36... Qe7 $16) 37. Rxb8 $18 Ncxb8 38. c5 Nf8 (38... h6 $16 {keeps fighting.} 39. Bd5 Nc6) 39. Nc4 {And now Nd6 would win.} Be6 40. Qa5 h6 41. Nd6 Bxa2 42. Rxa2 {[%cal Ba3a2,Ba2b2,Bb2b6][%mdl 32] Black must now prevent Nf7+!} Kh7 43. Rb2 Ne6 44. Qa2 Nd4 45. Bxd4 $1 exd4 46. Qd5 Nc6 47. f4 a5 (47... Qg8 $142) 48. Rb6 Ne7 49. Qxd4 Ra7 50. e5 fxe5 (50... f5 $142 51. Qa4 Nd5) 51. Qe4+ Kg8 52. Qxe5 Qf8 53. Ne4 {aiming for Rb8.} Kh7 54. c6 {[%cal Bc5c6,Bc6c7][%mdl 32]} Ng6 {[#]} 55. Qd6 $1 a4 $2 (55... Qxd6 56. Nxd6 Ne7) 56. Rb7 {White is clearly winning.} Ra8 57. c7 Rc8 58. Qxf8 Nxf8 59. Nd6 {Precision: White = 66%, Black = 43%.} 1-0

[Event "BL 2017-18"]
[Site "Germany"]
[Date "2018.04.30"]
[Round "14.7"]
[White "Gerigk, Erasmus"]
[Black "Bezold, Michael"]
[Result "1/2-1/2"]
[WhiteElo "2345"]
[BlackElo "2495"]
[Annotator "TA"]
[PlyCount "40"]
[EventDate "2018.05.24"]
[EventType "team-tourn"]
[EventCountry "GER"]
[SourceTitle "playchess.com"]
[Source "ChessBase"]
[SourceQuality "1"]
[WhiteTeam "Zugzwang Muenchen"]
[BlackTeam "Bayern Muenchen"]

{[%evp 28,40,15,0,0,0,25,11,0,4,20,-10,-9,-18,-10]} 1. e4 e6 2. d4 c5 3. c3 d5 4. exd5 Qxd5 5. Nf3 Nf6 6. Be2 Nc6 7. O-O cxd4 8. cxd4 Be7 9. Nc3 Qd6 10. Nb5 Qd8 11. Bf4 Nd5 12. Bg3 a6 13. Nc3 O-O 14. Rc1 Nf6 15. h3 {LiveBook: 9 Games. B22: Sicilian: 2 c3} (15. a3 b6 16. d5 exd5 17. Nxd5 Qxd5 18. Qxd5 Nxd5 19. Rxc6 Bb7 20. Rc2 Rac8 {½-½ (20) Godena,M (2505)-Khalifman,A (2614) Batumi 2018}) 15... Bd7 {[%cal Bc8d7,Bd7e8,Be8c6][%mdl 32]} 16. a3 $146 ({Predecessor:} 16. Ne5 Be8 17. Bf3 Nxd4 18. Bxb7 Ra7 19. Bf3 Nxf3+ 20. Qxf3 Qb6 21. Nc4 Qb4 22. Ne2 Nd5 {½-½ (72) Todor,R (2115)-Hellmayr,A (2305) Aschach 1995}) 16... Be8 17. Qb3 b5 {The position is equal.} 18. Rfd1 {White wants to play d5.} Rc8 19. Bf4 Na5 20. Qa2 $1 Bc6 1/2-1/2

[Event "BL 2017-18"]
[Site "Germany"]
[Date "2018.04.30"]
[Round "14.8"]
[White "Horvath, Adam"]
[Black "Vachier-Lagrave, Maxime"]
[Result "0-1"]
[WhiteElo "2486"]
[BlackElo "2789"]
[Annotator "TA"]
[PlyCount "182"]
[EventDate "2018.05.24"]
[EventType "team-tourn"]
[EventCountry "GER"]
[SourceTitle "playchess.com"]
[Source "ChessBase"]
[SourceQuality "1"]
[WhiteTeam "Speyer"]
[BlackTeam "Baden-Baden"]

{[%evp 26,182,8,6,25,18,20,20,27,4,11,8,8,5,22,22,21,0,0,0,0,0,0,-18,-18,-22,-10,-12,-11,-33,-26,-24,-25,-83,-83,-90,0,-1,0,0,0,0,0,-20,-23,-25,0,0,0,0,0,0,0,0,0,-20,-25,-41,-19,-75,-75,-75,-75,-75,-75,-75,-75,-75,-31,-75,-75,-75,-75,-75,-75,-75,-75,-75,-75,-75,-75,-75,-75,-75,-75,-75,0,-75,-75,-75,-75,-75,-75,-75,-75,-75,0,0,0,0,0,-26,-26,-26,-26,-26,-26,-26,-26,-26,-26,-26,-26,-26,-26,-26,-26,-26,-26,-26,0,-25,0,-26,-26,-26,-26,-26,-26,-26,-26,-26,0,0,0,-5,0,0,0,0,0,0,0,0,0,0,0,0,0,0,0,0,0,-5093,-5089,-5060,-4641,-4627,-4614]} 1. e4 c5 2. Nf3 d6 3. d4 cxd4 4. Nxd4 Nf6 5. Nc3 a6 6. Be2 e5 7. Nb3 Be7 8. Bg5 Be6 9. Bxf6 Bxf6 10. Qd3 {B92: Sicilian Najdorf: 6 Be2} Be7 11. Nd5 Nd7 12. Rd1 Bxd5 13. Qxd5 Qc7 14. c3 {LiveBook: 5 Games} Nf6 15. Qd3 O-O 16. O-O {[#]} b5 $146 ({Predecessor:} 16... Rfd8 17. Bf3 b5 {0-1 (71) Ponomariov,R (2694)-Salem,A (2638) Riadh 2017}) 17. Rfe1 Rfd8 18. Bf3 Rab8 19. Nd2 Nd7 20. Nf1 Nc5 21. Qe2 Bg5 22. Ne3 Bxe3 23. Qxe3 b4 24. Rd2 a5 25. Red1 bxc3 26. Qxc3 a4 27. Qc2 Rb6 28. Be2 Rdb8 29. b3 (29. Qc3 $11 {remains equal.}) 29... axb3 $17 30. axb3 {[#]} g6 ({Black should play} 30... Rc6 $1 $17 31. Rc1 Rxb3) 31. Bc4 $11 Kg7 32. g3 Rc8 33. Bd5 Qb8 {[%cal Rc5b3]} 34. Qa2 Rb4 {[%cal Rc5b3]} 35. Qa3 Rd8 {[%cal Bc8d8,Bd8d7,Bd7a7,Ba7c7,Bc7c3][%mdl 32]} 36. Re2 Rd7 $36 {[%cal Rc5b3][%mdl 2048] Black has some pressure.} 37. Re3 Ra7 38. Qb2 Na4 39. Qe2 Nb6 40. Red3 Rc7 41. h4 h5 42. Qd2 (42. Rf3 $11) 42... Nxd5 $17 43. Rxd5 Rxe4 44. Rxd6 {Threatening Qg5.} Qxb3 45. Rd8 Rc3 46. Kg2 Rg4 {[%cal Rc3g3]} 47. Rd3 Qb7+ 48. Kh2 Rcc4 49. Qe2 Rge4 50. Re3 Rxe3 51. Qxe3 {[%mdl 4096] Endgame KQR-KQR} Qb5 52. Rd6 Qc5 53. Qxc5 Rxc5 {KR-KR} 54. Kg2 Kf8 55. Rd7 Kg7 56. Rd6 $1 Rc3 57. Ra6 Rd3 58. Rb6 Rd4 59. Kf3 Rg4 60. Ra6 g5 (60... Rc4 $17) 61. hxg5 $11 Rxg5 62. Ke4 f6 63. Ra8 {[#]} h4 $1 {[%mdl 512]} 64. gxh4 Rg4+ 65. Ke3 Rxh4 66. f3 Rb4 67. Ra6 Kg6 68. Ra5 Kg5 69. Ra8 Rb3+ 70. Kf2 f5 {[%cal Bf6f5,Bf5f4][%mdl 32]} 71. Ra4 Rb2+ 72. Kg3 Rb3 73. Kf2 Rb2+ 74. Kg3 f4+ 75. Kh3 Rf2 76. Ra3 Kf6 77. Ra6+ Kf5 78. Ra3 Ke6 79. Ra6+ Kd5 80. Kg4 Re2 81. Kf5 Kd4 82. Ra4+ Kd3 83. Ra3+ Kd2 84. Ra2+ Ke1 85. Ra1+ Kf2 86. Kg4 Kg2 87. Ra3 Kh2 {Hoping for ...Rg2+.} 88. Ra5 Rg2+ 89. Kf5 $2 {[%mdl 8192]} (89. Kh4 $11) 89... Kg3 $19 {Black is clearly winning.} 90. Kxe5 Kxf3 {( -> ...Rg5+)} 91. Kf5 Kg3 {Precision: White = 70%, Black = 62%.} 0-1

[Event "BL 2017-18"]
[Site "Germany"]
[Date "2018.04.30"]
[Round "14.8"]
[White "Margolin, Boris"]
[Black "Saric, Ivan"]
[Result "0-1"]
[WhiteElo "2389"]
[BlackElo "2677"]
[Annotator "TA"]
[PlyCount "196"]
[EventDate "2018.05.24"]
[EventType "team-tourn"]
[EventCountry "GER"]
[SourceTitle "playchess.com"]
[Source "ChessBase"]
[SourceQuality "1"]
[WhiteTeam "SV Hofheim"]
[BlackTeam "Hockenheim"]

{[%evp 17,196,52,45,29,34,16,14,21,52,41,57,53,79,79,75,77,97,75,106,52,75,45,45,73,77,7,12,13,15,31,30,0,0,0,0,0,35,7,33,0,0,0,27,0,25,0,0,0,27,-6,23,24,15,-28,-37,-111,0,0,0,-92,-82,-71,-25,-33,-50,-43,-46,-52,-38,-29,-26,-31,0,0,0,0,0,0,0,0,0,0,0,0,0,0,0,0,0,0,0,0,0,-8,0,0,0,0,0,0,0,0,0,0,0,0,0,0,0,0,0,0,0,0,0,0,0,0,0,0,0,0,0,0,0,0,0,0,0,0,0,0,0,0,0,0,0,0,0,0,0,0,0,0,0,0,0,0,-20,0,0,0,0,0,0,0,0,0,0,0,0,0,0,0,0,0,0,-29978,-29979,-29979,-29980,-29980,-29981,-29981,-29982,-29982,-29981,-29984,-29985,-29985,-29986]} 1. e4 c5 2. Nf3 Nc6 3. Bb5 Nf6 4. Nc3 Qc7 5. O-O Nd4 6. Re1 a6 7. Bf1 {B30: Sicilian: 2...Nc6 3 Bb5, lines without ...g6} (7. Bc4 e6 8. e5 Ng8 9. d3 b5 10. Bb3 Nxb3 11. axb3 Bb7 12. Bf4 f5 13. d4 Ne7 14. dxc5 Ng6 {1-0 (49) Bacrot,E (2725)-Naiditsch,A (2705) Riadh 2017}) 7... Ng4 8. g3 Nxf3+ 9. Qxf3 Ne5 {LiveBook: 71 Games} 10. Qg2 e6 11. d3 Be7 12. f4 Ng6 $146 ({Predecessor:} 12... Nc6 13. f5 d6 14. Qf2 Bf6 {½-½ (29) Pashikian,A (2442)-Llaneza Vega,M (2351) Herceg Novi 2005}) 13. a4 b6 14. Be2 h5 15. h4 Bb7 16. Bf3 O-O-O 17. Be3 d6 18. Qf2 (18. Rab1 $16) 18... Bf6 19. Nd1 d5 20. e5 d4 21. Bd2 (21. exf6 $16 dxe3 22. Bxb7+ (22. Nxe3 gxf6 23. Bxb7+ Kxb7 $11) 22... Qxb7 23. Nxe3) 21... Be7 $11 22. Qg2 Bxf3 23. Qxf3 Qb7 24. Qxb7+ (24. Qe2 {looks sharper.} Qc6 25. a5 b5 26. Nf2 Kb8 27. c3) 24... Kxb7 25. Nf2 Kc6 26. Kg2 Kd5 27. Re4 Rhe8 28. b3 Rd7 29. Re2 Rg8 30. Kf3 Bd8 31. Rd1 Ne7 32. Ne4 Nf5 33. Be1 f6 34. exf6 gxf6 35. Bf2 (35. a5 $5 {[%cal Ra5b6]}) 35... e5 36. c4+ {[#]} (36. c3 $15) 36... dxc3 ({Better is} 36... Kc6 $1 $17 37. Rf1 Rf7) 37. Nxc3+ Kc6 38. Re4 (38. a5 $1 $11) 38... Rdg7 {[%cal Rf5g3]} 39. Ne2 Bc7 40. b4 Nd6 41. Re3 $1 cxb4 {And now ...Nf5 would win.} 42. fxe5 fxe5 43. Rxe5 Rf7+ 44. Kg2 Rgf8 45. Be1 $1 Nf5 46. Rxf5 $1 Rxf5 47. Nd4+ Kd5 48. Nxf5 Rxf5 49. Bxb4 {[%mdl 4096] Endgame KRB-KRB} Kd4 50. Rc1 Rf7 51. Rc6 Kxd3 52. Be1 Re7 53. Kf1 Rd7 54. Rc3+ Ke4 55. Bf2 b5 56. Ke2 Be5 57. Rb3 Rb7 58. Rb4+ Kd5 59. axb5 axb5 {Black wants to play ...Bc3.} 60. Kd3 Bd6 61. Rd4+ Kc6 62. g4 b4 (62... Bc5 $5 63. Rf4 $8 Bxf2 64. Rxf2 hxg4 $11) 63. gxh5 b3 64. Rc4+ Kd5 {Hoping for ...b2.} 65. Rd4+ Ke6 {...b2 is the strong threat.} 66. Re4+ Kf5 67. Re1 b2 68. Rb1 Be5 69. Be3 Rb3+ 70. Kd2 Ke4 71. Bg5 Kd5 72. Kc2 Kc4 73. Re1 Bh8 74. Bd2 Bd4 75. h6 Rh3 76. Re8 Rh2 77. Rc8+ Kd5 78. Rd8+ Kc5 79. Rc8+ Kd5 {Strongly threatening ...Rxd2+!} 80. Rd8+ Ke4 {( -> ...Rxd2+!)} 81. Rxd4+ Kxd4 {KR-KB} 82. h7 {[#]} b1=Q+ $1 {[%mdl 512]} 83. Kxb1 Rxh4 84. Kc2 Rxh7 85. Bg5 Rf7 86. Kd2 Rf2+ 87. Ke1 Rg2 88. Bh6 Ke4 89. Kd1 Rg6 $2 {[%mdl 8192]} (89... Rh2 $11 90. Bg7 Kd3) 90. Bf8 Kd3 {[%cal Rg6g1]} 91. Kc1 Rg2 92. Bh6 $2 {[%mdl 8192]} (92. Bb4 $11) 92... Rc2+ {Black mates.} 93. Kb1 Kc3 94. Bf4 Kb3 95. Bb8 Rc8 96. Ba7 Rc7 97. Be3 Re7 98. Bd2 Rf7 {Precision: White = 60%, Black = 63%.} 0-1